000 00309nam a2200121Ia 4500
005 20260328104342.0
008 260328s9999||||xx |||||||||||||| ||und||
100 _aEscala
245 0 _aConvive III, Concurso Vivienda Económica /
_cEscala
260 _bEscala
650 _aVIVIENDA DE EMERGENCIA
942 _cBK
999 _c12174
_d12174